| 000 | 00957cam a2200277 i 4500 | ||
|---|---|---|---|
| 999 |
_c4210 _d4210 |
||
| 001 | 2680333 | ||
| 003 | GBCCL | ||
| 005 | 20241126110513.0 | ||
| 008 | 751024s1975 miu b 000 0 eng | ||
| 010 | _a 74082807 | ||
| 020 | _a0825426154 | ||
| 040 |
_aDLC _cDLC _dDLC |
||
| 050 | 0 | 0 |
_aBS2585.2 _b.C65 |
| 082 | 0 | 0 |
_a226.3061 _bCOU |
| 245 | 0 | 0 |
_aCounterfeit or genuine? : _bMark 16? John 8? / _cEdited by David Otis Fuller. |
| 250 | _a1st ed. | ||
| 260 |
_aGrand Rapids : _bGrand Rapids International Publications, _c1975. |
||
| 300 |
_a217 p. ; _c21 cm. |
||
| 504 | _aIncludes bibliographical references. | ||
| 630 | 0 | 0 |
_aBible. _pMark, XVI, 9-20 _xCriticism, interpretation, etc. _97997 |
| 630 | 0 | 0 |
_aBible. _pJohn, VII, 53-VIII, 11 _xCriticism, interpretation, etc. _97998 |
| 630 | 0 | 0 |
_aBible _xEvidences, authority, etc. _9351 |
| 700 | 1 |
_aFuller, David Otis, _d1903-1988. _97999 |
|
| 906 |
_a7 _bcbc _corignew _d2 _eopcn _f19 _gy-gencatlg |
||
| 942 |
_2ddc _cBK |
||